Everything you get with a GBHS roast dinner - Statistics

General Stats
  • This quiz has been taken 19 times
  • The average score is 5 of 11
Answer Stats
Answer % Correct
Gravy
100%
Meat Turkey
82%
Potatoes
73%
Cabbage
64%
Yorkshire Pudding
64%
Stuffing
55%
Cheesy Veg
18%
Baby Carrots
9%
Friendly Service
9%
Wooden Fork
9%
Wooden Knife
9%
No matching quizzes found
Score Distribution
Percent of People with Each Score
Percentile by Number Answered
Your Score History
You have not taken this quiz